Hodnotenie zamestnancov vo vybranom podniku diplomová práca

Gespeichert in:
Bibliographische Detailangaben
1. Verfasser: Velebírová, Alžbeta
Körperschaft: Podnikovohospodárska fakulta EU so sídlom v Košiciach. Katedra manažmentu
Weitere Verfasser: Bosáková, Mária
Format: Buch
Sprache:Slowakisch
Veröffentlicht: Košice 2008
Tags: Tag hinzufügen
Keine Tags, Fügen Sie das erste Tag hinzu!

MARC

LEADER 00000nam$a2200000$$$4500
001 0080062
005 20240201115254.1
041 0 |a slo 
044 |a SK 
245 1 0 |a Hodnotenie zamestnancov vo vybranom podniku  |b diplomová práca  |c Alžbeta Velebírová ; škol. Mária Bosáková 
264 1 |a Košice  |c 2008 
300 |a 81 s. 
100 1 |a Velebírová, Alžbeta 
700 1 |a Bosáková, Mária 
710 2 |a Podnikovohospodárska fakulta EU so sídlom v Košiciach. Katedra manažmentu